000
00338nam a2200133Ia 4500
008
240624s9999 xx 000 0 und d
041
_a
eng
082
_a
658.3 TYS
100
_a
TYSON SHAUN
245
_a
STRATEGIC PERSPETIVE FOR HRM
260
_c
2003
_a
Mumbai
_b
Jaico Publishing House
300
_a
x, : 294 : p. : cm. ; 24
365
_c
RS
999
_c
1624
_d
1624